El cooperativismo y el estado / (Registro nro. 4330)

Detalles MARC
000 -LEADER
fixed length control field 00800nam a2200229Ia 4500
003 - CONTROL NUMBER IDENTIFIER
control field OSt
005 - DATE AND TIME OF LATEST TRANSACTION
control field 20200625150532.0
008 - FIXED-LENGTH DATA ELEMENTS--GENERAL INFORMATION
fixed length control field 191128s1961 ag fr 000 0 spa d
040 ## - CATALOGING SOURCE
Original cataloging agency CO-JMCR
Transcribing agency CO-JMCR
041 1# - LANGUAGE CODE
Language code of text/sound track or separate title spa
082 04 - DEWEY DECIMAL CLASSIFICATION NUMBER
Classification number 334.09 /
Item number F481c
Edition number 23
100 1# - MAIN ENTRY--PERSONAL NAME
Personal name Filho, Fábio Luz,
Relator term autor
9 (RLIN) 6197
245 13 - TITLE STATEMENT
Title El cooperativismo y el estado /
Statement of responsibility, etc. Fábio Luz Filho ; traductor, Alberto Giordano
260 ## - PUBLICATION, DISTRIBUTION, ETC.
Place of publication, distribution, etc. Buenos Aires :
Name of publisher, distributor, etc. Intercoop,
Date of publication, distribution, etc. 1961
300 ## - PHYSICAL DESCRIPTION
Extent 91 páginas ;
Dimensions 18 cm.
490 0# - SERIES STATEMENT
Series statement Colección Alfonso Palacio Rudas
505 0# - FORMATTED CONTENTS NOTE
Formatted contents note La legislación -- El derecho cooperativo -- La acción pionera en Latino-América, Asia, etc --
546 ## - LANGUAGE NOTE
Language note Traducido del portugués
650 14 - SUBJECT ADDED ENTRY--TOPICAL TERM
Topical term or geographic name entry element Cooperativas y estado
9 (RLIN) 6198
700 1# - ADDED ENTRY--PERSONAL NAME
Personal name Giorgano, Alberto,
Relator term traductor
9 (RLIN) 6199
942 ## - ADDED ENTRY ELEMENTS (KOHA)
Source of classification or shelving scheme Dewey Decimal Classification
Koha item type Books
Existencias
Withdrawn status Lost status Source of classification or shelving scheme Damaged status Not for loan Collection code Home library Current library Date acquired Source of acquisition Cost, normal purchase price Total Checkouts Full call number Barcode Date last seen Copy number Koha item type
    Dewey Decimal Classification     Non-fiction Biblioteca Pública José María del Castillo y Rada Biblioteca Pública José María del Castillo y Rada 10/15/2018 Donación 0.00   334.09 / F481c 201809173 05/16/2024 Ej.1 Books